QCM sur Aston Martin - Statistiques

Statistiques générales
  • Ce quiz a été pris 61 fois
  • Le résultat moyen est 3 sur 6
Statistiques - réponses
Question Réponse % Correct
Qu'est ce qu'Aston Martin? Une marque automobile
100%
Quel est le nom de la filière course d'Aston Martin? AMR Aston Martin Racing
94%
Quel constructeur fournit des moteurs? Mercedes
75%
Quel pilote automobile s'est tué en 2013 au volant d'une Aston Martin ? Allan Simonsen
31%
Quel team utilise des Valkyries en endurance à partir de 2025? Heart Of Racing
25%
Contre quelle marque Aston Martin a remporté la catégorie LMGT3 en 2017 aux 24h du Mans ? Corvette
13%
Aucun quiz correspondant
Distribution des résultats
% des personnes avec chaque résultat
Percentile par nombre de réponses
Votre historique - résultats
Vous n’avez pas pris ce quiz